| 000 | 00455cam a22001577a 4500 | ||
|---|---|---|---|
| 008 | 180718b2011 xxu||||| |||| 00| 0 eng d | ||
| 020 | _a9789994931170 | ||
| 082 | _aD8x54 D885 | ||
| 100 | _aDukhira, Chit | ||
| 245 |
_aIndians in India, Mauritius and South Africa _cby Chit Dukhira |
||
| 260 |
_aBeau Bassin _bOsman _c2011 |
||
| 300 | _a567p. | ||
| 650 | _aEast Indian -South Africa | ||
| 650 | _aEast Indian -Mauritius | ||
| 650 | _aEast Indian diaspora | ||
| 999 |
_c502612 _d502612 |
||